00907cam a22002534a 450000100090000000300040000900500170001300800410003001000170007102000280008802000350011604000180015104200080016905000260017708200120020324501040021526000480031930000270036750400640039460000680045870000320052670000270055870000680058512188852OSt20200421093817.0000928s2001 ctu b 001 0 eng  a 00049990  a0300085230 (alk. paper) a0300085249 (pbk. : alk. paper) aDLCcDLCdDLC apcc00aB3279.H483bE563 200100a11022102aA companion to Heidegger's Introduction to metaphysics /cedited by Richard Polt and Gregory Fried. aNew Haven :bYale University Press,cc2001. axvii, 342 p. ;c24 cm. aIncludes bibliographical references (p. xiv-xvi) and index.10aHeidegger, Martin,d1889-1976.tEinführung in die Metaphysik.1 aPolt, Richard F. H.,d1964-1 aFried, Gregory,d1961-1 aHeidegger, Martin,d1889-1976.tEinführung in die Metaphysik.